VOGEL,S TEXTBOOK OF QUANTITATIVE CHEMICAL ANALUSIS (Record no. 16063)
[ view plain ]
| 000 -LEADER | |
|---|---|
| fixed length control field | 00353nam a22001577a 4500 |
| 003 - CONTROL NUMBER IDENTIFIER | |
| control field | SGT |
| 020 ## - INTERNATIONAL STANDARD BOOK NUMBER | |
| International Standard Book Number | 9788131723258 |
| 082 ## - DEWEY DECIMAL CLASSIFICATION NUMBER | |
| Item number | MEN |
| 100 ## - MAIN ENTRY--PERSONAL NAME | |
| Personal name | MENDHAM. J |
| 245 ## - TITLE STATEMENT | |
| Title | VOGEL,S TEXTBOOK OF QUANTITATIVE CHEMICAL ANALUSIS |
| 250 ## - EDITION STATEMENT | |
| Edition statement | 6TH |
| 260 ## - PUBLICATION, DISTRIBUTION, ETC. (IMPRINT) | |
| Name of publisher, distributor, etc | PEARSON INDIA |
| Year of Publication | 2018 |
| 300 ## - PAGE DESCRIPTION | |
| No. of Pages | 790 |
| 650 ## - SUBJECT ADDED ENTRY--TOPICAL TERM | |
| Topical term or geographic name as entry element | PHYSICAL SCIENCE |
| 942 ## - ADDED ENTRY ELEMENTS (KOHA) | |
| Source of classification or shelving scheme | Dewey Decimal Classification |
| Koha item type | Books |
| 942 ## - ADDED ENTRY ELEMENTS (KOHA) | |
| -- | 7 |
| Withdrawn status | Lost status | Source of classification or shelving scheme | Damaged status | Not for loan | Collection code | Home library | Current library | Shelving location | Date acquired | Vendor Name | Cost, normal purchase price | SGTU | Bill Number | Total Checkouts | Full call number | Accession No. (Barcode) | Date last seen | Date last borrowed | Bill Date | Koha item type | Total Renewals |
|---|---|---|---|---|---|---|---|---|---|---|---|---|---|---|---|---|---|---|---|---|---|
| Dewey Decimal Classification | SCIENCE | SGT Science & Social Sciences Library | SGT Science & Social Sciences Library | Text Book | 19/09/2018 | AHUJA BOOK COMPANY PVT.LTD | 919.00 | SGTU | 10087 | 2 | MEN | PS4781 | 22/02/2020 | 07/02/2020 | 19/09/2018 | Books | |||||
| Dewey Decimal Classification | SCIENCE | SGT Science & Social Sciences Library | SGT Science & Social Sciences Library | Text Book | 19/09/2018 | AHUJA BOOK COMPANY PVT.LTD | 919.00 | SGTU | 10087 | 3 | MEN | PS4782 | 05/03/2024 | 01/12/2023 | 19/09/2018 | Books | |||||
| Dewey Decimal Classification | SCIENCE | SGT Science & Social Sciences Library | SGT Science & Social Sciences Library | Text Book | 19/09/2018 | AHUJA BOOK COMPANY PVT.LTD | 919.00 | SGTU | 10087 | 3 | MEN | PS4783 | 06/01/2022 | 02/12/2021 | 19/09/2018 | Books | |||||
| Dewey Decimal Classification | SCIENCE | SGT Science & Social Sciences Library | SGT Science & Social Sciences Library | Text Book | 19/09/2018 | AHUJA BOOK COMPANY PVT.LTD | 919.00 | SGTU | 10087 | 5 | MEN | PS4784 | 16/11/2022 | 29/10/2022 | 19/09/2018 | Books | 1 | ||||
| Dewey Decimal Classification | SCIENCE | SGT Science & Social Sciences Library | SGT Science & Social Sciences Library | Text Book | 19/09/2018 | AHUJA BOOK COMPANY PVT.LTD | 919.00 | SGTU | 10087 | 3 | MEN | PS4785 | 17/03/2023 | 17/03/2023 | 19/09/2018 | Books |